| 000 | 00717nam a2200217 u 4500 | ||
|---|---|---|---|
| 005 | 20250503063840.0 | ||
| 008 | 070824s1996 mx r 000 0 spa d | ||
| 020 | _a9684963262 | ||
| 035 | _aUPN01000151374 | ||
| 049 | _aCG | ||
| 050 | 4 |
_aD16.14 _bH5.7 |
|
| 245 | 0 | 0 |
_aHistoria oral : _bensayos y aportes de investigación : seminario de historia oral y enfoque biográfico / _ccoord. Jorge E. Aceves Lozano. |
| 260 |
_aMéxico : _bCIESAS, _c1996. |
||
| 300 | _a202 p. | ||
| 650 | 4 |
_aHistoria oral _94290 |
|
| 650 | 2 |
_aInvestigación histórica _98207 |
|
| 650 | 2 |
_aHistoria _xMetodología _96995 |
|
| 650 | 4 |
_aComunicación oral _93602 |
|
| 700 | 1 |
_aAceves Lozano, Jorge Eduardo, _ecoord. _939611 |
|
| 905 | _aLibro | ||
| 999 |
_c123512 _d123512 |
||